| 000 | 00613nam a2200169 i 4500 | ||
|---|---|---|---|
| 001 | 158490 | ||
| 003 | ES-MaACL | ||
| 005 | 20230906211152.0 | ||
| 008 | 990309s1886 sp f |||| | spa d | ||
| 100 | 1 |
_aMagallanes y Barros, Federico. _9129337 |
|
| 245 | 1 | 0 |
_aCompendio teórico-práctico de topografía / _cpor Federico Magallanes y Barros. |
| 260 |
_aMadrid : _b[s.n.], _c1886 ( _fImp. y Litogr. del Depósito de la Guerra) |
||
| 300 |
_a252, [1] p., [15] h. pleg. de lám. ; _c23 cm. |
||
| 650 | 4 |
_aTopografía. _9136936 |
|
| 752 |
_aEspaña - _dMadrid |
||
| 852 |
_aES-MaACL _jF-5464 _z- Enc. pasta española |
||
| 999 |
_c158490 _d158490 |
||